Charlotte FC Players - Statistics

General Stats
  • This quiz has been taken 13 times
    4 since last reset
  • The average score is 30 of 76
Answer Stats
Answer Position(s) Nationality Matches Goals Assists Tenure % Correct
Ashley Westwood MF England 101 6 11 2023-
100%
Nathan Byrne DF England 89 0 3 2022-
100%
Tim Ream DF USA 34 1 0 2024-
100%
Wilfried Zaha MF/FW Ivory Coast 24 6 5 2025-
100%
Andrew Johnson DF St Vincent 1 0 0 2026-
67%
Andrew Privett DF USA 77 1 0 2023-
67%
Archie Goodwin FW Australia 1 0 0 2025-
67%
Aron John MF USA 1 0 0 2026-
67%
Baye Coulibaly MF Mali 1 0 0 2025-
67%
Brandt Bronico MF USA 135 5 10 2022-
67%
David Schnegg DF Austria 1 0 0 2026-
67%
Djibril Diani MF France 51 1 2 2024-
67%
Harry Toffolo DF England 1 0 0 2025-
67%
Idan Toklomati MF/FW Israel 24 7 2 2024-
67%
Kerwin Vargas MF/FW Colombia 117 17 8 2022-
67%
Kristijan Kahlina GK Croatia 127 0 2 2022-
67%
Liel Abada MF/FW Israel 54 13 3 2024-
67%
Luca de la Torre MF USA 1 0 0 2026-
67%
Morrison Agyemang DF Ghana 1 0 0 2026-
67%
Nikola Petković MF Serbia 20 2 0 2024-
67%
Patrick Agyemang FW USA 72 22 5 2023-25
67%
Pep Biel MF/FW Spain 38 12 14 2024-
67%
Rodolfo Aloko MF/FW Benin 1 0 0 2026-
67%
Tyger Smalls MF/FW England 34 1 0 2024-
67%
Tyler Miller GK USA 1 0 0 2026-
67%
Will Cleary DF USA 1 0 0 2026-
67%
Adilson Malanda DF France 105 2 2 2022-
33%
André Shinyashiki FW Brazil 28 7 1 2022-23
33%
Bill Tuiloma DF/MF New Zealand 33 2 0 2023-
33%
Brandon Cambridge MF Canada 20 2 1 2023-
33%
Brecht Dejaegere MF Belgium 33 2 2 2023-24
33%
Chris Hegardt MF USA 11 0 1 2022-23
33%
Christian Fuchs DF Austria 27 3 0 2022
33%
Christian Ortíz MF/FW Argentina 17 2 3 2022
33%
Daniel Ríos FW Mexico 30 9 1 2022
33%
David Bingham GK USA 6 0 0 2024-
33%
Enzo Copetti FW Argentina 38 8 3 2023-24
33%
Eryk Williamson MF USA 23 0 2 2025-
33%
George Marks GK USA 10 0 0 2022-
33%
Guzmán Corujo DF Uruguay 32 1 0 2022-23
33%
Hamady Diop DF Senegal 4 0 0 2023-24
33%
Harrison Afful DF Ghana 42 1 1 2022-23
33%
Henry Kessler DF USA 1 1 0 2026-
33%
Iuri Tavares FW Cape Verde 39 3 2 2024-25
33%
Jack Neeley DF USA 3 0 0 2023-
33%
Jahkeele Marshall-Rutty DF/MF Canada 19 0 4 2025-
33%
Jan Sobociński DF Poland 28 0 0 2021-23
33%
Jere Uronen DF Finland 38 0 5 2023-24
33%
João Pedro DF Brazil 8 0 0 2024-25
33%
Jordy Alcívar MF Ecuador 22 1 1 2022
33%
Joseph Mora DF Costa Rica 30 0 0 2022-23
33%
Júnior Urso MF Brazil 23 1 0 2024
33%
Justin Meram MF/FW Iraq 32 4 4 2023
33%
Kamil Jóźwiak MF/FW Poland 55 4 12 2022-23
33%
Karol Swiderski FW Poland 85 32 15 2022-25
33%
Nick Scardina MF USA 17 0 2 2023-
33%
Nimfasha Berchimas MF/FW USA 3 0 0 2024-
33%
Pablo Sisniega GK Mexico 5 0 0 2022-23
33%
Souleyman Doumbia DF Ivory Coast 11 0 1 2025-
33%
Vinicius Mello FW UAE 3 0 0 2022-24
33%
Yordy Reyna FW Peru 21 4 6 2022-23
33%
Adam Armour DF USA 6 1 0 2022-23
0%
Alan Franco MF Ecuador 11 0 2 2022
0%
Anton Walkes DF England 24 0 0 2022-23
0%
Ben Bender MF USA 61 8 8 2022-25
0%
Christian Makoun DF/MF Colombia 15 0 0 2022
0%
Derrick Jones MF USA 53 2 0 2022-23
0%
JahLane Forbes DF USA 1 0 0 2024-
0%
Jamie Paterson MF/FW England 4 0 0 2024
0%
Jaylin Lindsey DF USA 63 1 5 2022-24
0%
Koa Santos DF USA 3 0 0 2022-23
0%
McKinze Gaines MF/FW USA 48 4 6 2022-23
0%
Nuno Santos MF/FW Portugal 9 1 0 2022-23
0%
Quinn McNeill MF USA 11 1 1 2022
0%
Scott Arfield MF Canada 33 3 0 2023-24
0%
Sergio Ruiz MF Spain 19 1 3 2022
0%
No matching quizzes found
Score Distribution
Percent of People with Each Score
Percentile by Number Answered
Your Score History
You have not taken this quiz since the last reset